Phrase dans l'ordre (click quiz) - Statistiques

Statistiques générales
  • Ce quiz a été pris 70 fois
  • Le résultat moyen est 8 sur 8
Statistiques - réponses
Hint Réponse % Correct
vient un me autographe jeppy signer de Jeppy vient de me signer un autographe
97%
barbe une je avec à sorti suis femme Je suis sorti avec une femme à barbe
97%
mauvaise peser à commence haleine ta me Ta mauvaise haleine commence à me peser.
97%
vient en ouvrier mettre du un un bâtiment chantier de enfant Un ouvrier du bâtiment vient de mettre un enfant en chantier
97%
ton au je libertin grand-père viens club de voir Je viens de voir ton grand-père au club libertin
95%
plus détecteur ne ton de fonctionne métaux Ton détecteur de métaux ne fonctionne plus
95%
que les il slips essayes serait tu chauffants temps Il serait temps que tu essayes les slips chauffants
94%
feuille entre tu de les coincée dents as salade une Tu as une feuille de salade coincée entre les dents
92%
Aucun quiz correspondant
Distribution des résultats
% des personnes avec chaque résultat
Percentile par nombre de réponses
Votre historique - résultats
Vous n’avez pas pris ce quiz